000 00639cam a22002174a 4500
005 20260202144545.0
008 250528s ||||||||||||||||||||||||d
035 _a22307
020 _a9789606970689
040 _aGR-AtMCL
_bgre
_dGR-AtMCL
_eAACR2
245 1 _aΒιοψυχολογία / Πρώτη Ελληνική Έκδοση
260 _bΊων,
_c2011
300 _a616
700 1 _aPinel, John P. J.
_9334
700 1 _aΓιακουμάκη Στέλλα
_97307
700 1 _aΚαστελλάκης Ανδρέας Α
_97308
700 1 _aΤατά Δέσποινα
_97309
942 _cBK
999 _c7361
_d7361